[Event "November 1800 +"]
[Site "SchemingMind.com"]
[Date "2015.12.08"]
[Round "-"]
[White "flyinduck"]
[Black "Reun29"]
[Result "1-0"]
[WhiteCountry "CAN"]
[BlackCountry "SUI"]
[WhiteElo "2050"]
[WhiteRD "53"]
[BlackElo "1940"]
[BlackRD "71"]
[GameID "391713"]

1. d4 d5 2. c4 c6 3. Nf3 Nf6 4. Nc3 e6 5. cxd5 exd5 6. Qc2 Be7 7. Bg5 g6 8. h3 Bf5 9. Qb3 Qb6 10. Qxb6 axb6
11. e3 h5 12. Ne5 Nbd7 13. Bd3 Bxd3 14. Nxd3 b5 15. O-O Ne4 16. Bxe7 Nxc3 17. Bb4 Ne4 18. f3 Nef6 19. a3 O-O-O 20. g4 hxg4
21. hxg4 Rde8 22. Rae1 Rh7 23. Kg2 Kc7 24. Rh1 Rxh1 25. Kxh1 Nh7 26. Kg2 Ng5 27. Bd2 Ne6 28. Rh1 b6 29. Rc1 c5 30. Be1 Kb7
31. Bf2 Rc8 32. Kg3 f5 33. Rh1 Rg8 34. Rh7 Kc6 35. Ne5+ Nxe5 36. dxe5 fxg4 37. Kxg4 c4 38. Rf7 Rf8 39. Rxf8 Nxf8 40. Kg5 Kd7
41. Kf6 Ke8 42. e6 g5 43. Be1 Nh7+ 44. Ke5 Nf8 45. Kxd5 Ng6 46. Ke4 Ne7 47. Bb4 Nc6 48. Kf5 Nd8 49. Kf6 Nc6 50. Bd6 Na5
51. Kxg5 Nb7 52. Bb4 Nc5 53. Kf6 Nd3 54. Bc3 Nf2 55. Ke5 Ke7 56. Bb4+ Ke8 57. Kd5 Nd1 58. Kc6 Nxb2 59. Kxb5 Nd1 60. Kxc4 Nxe3+
61. Kb5 Nd5 62. Kc6 Nf4 63. Kxb6 Nxe6 64. a4 Kd7 65. a5 Kc8 66. Bd6
1-0

[Event "November 1800 +"]
[Site "SchemingMind.com"]
[Date "2015.12.12"]
[Round "-"]
[White "Glenn O'Brien"]
[Black "John Hamer"]
[Result "1/2-1/2"]
[WhiteCountry "AUS"]
[BlackCountry "ENG"]
[WhiteElo "2017"]
[WhiteRD "69"]
[BlackElo "2040"]
[BlackRD "64"]
[GameID "391844"]

1. e4 e5 2. Nf3 Nc6 3. Bb5 a6 4. Ba4 d6 5. O-O Ne7 6. c3 Bd7 7. d4 Ng6 8. Re1 Be7 9. Nbd2 O-O 10. Nf1 b5
11. Bc2 f5 12. exf5 Bxf5 13. Bb3+ Kh8 14. Bd5 Bd7 15. dxe5 Ngxe5 16. Nxe5 dxe5 17. Bxc6 Bxc6 18. Qxd8 Raxd8 19. Rxe5 Bd6 20. Re2 Bd5
21. Bg5 Rd7 22. Ne3 Be6 23. b3 h6 24. Bh4 Be5 25. Rd1 Bxc3 26. Rxd7 Bxd7 27. Nd5 Ba5 28. b4 c6=
1/2-1/2

[Event "November 1800 +"]
[Site "SchemingMind.com"]
[Date "2015.12.12"]
[Round "-"]
[White "John Hamer"]
[Black "Glenn O'Brien"]
[Result "1-0"]
[WhiteCountry "ENG"]
[BlackCountry "AUS"]
[WhiteElo "2066"]
[WhiteRD "65"]
[BlackElo "2015"]
[BlackRD "74"]
[GameID "391845"]

1. d4 Nf6 2. c4 e6 3. Nc3 Bb4 4. Nf3 b6 5. Bd2 O-O 6. e3 Bb7 7. Bd3 d5 8. O-O dxc4 9. Bxc4 Nbd7 10. Qe2 c5
11. Rfd1 cxd4 12. Nxd4 a6 13. Be1 Qe7 14. a3 Bd6 15. Ba2 Rac8 16. Rac1 Rfd8 17. f4 Bd5 18. Qxa6 Nc5 19. Nxd5 exd5 20. Qe2 Re8
21. Nf5 Qd7 22. Nxd6 Qxd6 23. Qf3 Rcd8 24. Bc3 Na4 25. Be5 Qe6 26. Rc7 Kh8 27. Bd4 Ne4 28. Ra7 b5 29. f5 Qh6 30. Qe2 f6
31. Qxb5 Nac3 32. bxc3 Nxc3 33. Qf1 Nxd1 34. Qxd1 Qg5 35. Qf3 Qh4 36. h3 Qe4 37. Qg3 Re7 38. Rc7 Rde8 39. Rc5 Qxf5 40. Bxd5 Rd8
41. e4 Qd7 42. Rc6 Rde8 43. Rd6 Qc7 44. Qf4 Rc8 45. Rc6 Qb8 46. Rxf6 Rec7 47. Be5 Qa7+ 48. Kh2 gxf6 49. Qxf6+ Rg7 50. Bf7 Rg8
51. Bxg8 Kxg8 52. Qe6+ Qf7 53. Qc8+ Qf8 54. Qc4+ Rf7 55. a4 Qe8 56. Bf6 Qb8+ 57. e5 Qf8 58. a5 Qb8 59. a6 Kf8 60. Qe6 Qe8
61. Qd6+ Kg8 62. Qd5 Qd7 63. Qc4 h5 64. Qf4 Rh7 65. e6 Qc7 66. Be5
1-0

[Event "November 1800 +"]
[Site "SchemingMind.com"]
[Date "2015.12.12"]
[Round "-"]
[White "Glenn O'Brien"]
[Black "Kent"]
[Result "0-1"]
[WhiteCountry "AUS"]
[BlackCountry "USA"]
[WhiteElo "2017"]
[WhiteRD "69"]
[BlackElo "2235"]
[BlackRD "73"]
[GameID "391846"]

1. e4 e6 2. d4 d5 3. Nc3 Bb4 4. e5 c5 5. a3 Bxc3+ 6. bxc3 Ne7 7. Qg4 cxd4 8. Qxg7 Rg8 9. Qxh7 Nbc6 10. f4 Qa5
11. Ne2 dxc3 12. Rb1 b6 13. Ng3 Ba6 14. Bd3 Kd7 15. Be3 Rh8 16. Qxf7 Raf8 17. Qg7 Bxd3 18. Kd1 d4 19. Bf2 Bxc2+ 20. Kxc2 Qa4+
21. Kd3 Rhg8 22. Qh6 Nxe5+ 23. fxe5 Rxf2 24. Rb4 Qc2+ 25. Kc4 Rc8+ 26. Kxd4 Rc5 27. Qxe6+ Kxe6 28. Rxb6+ axb6 29. Rd1 Rd5+ 30. Ke3 Rxd1
31. Ne4 Qe2#
0-1

[Event "November 1800 +"]
[Site "SchemingMind.com"]
[Date "2015.12.12"]
[Round "-"]
[White "Kent"]
[Black "Glenn O'Brien"]
[Result "1-0"]
[WhiteCountry "USA"]
[BlackCountry "AUS"]
[WhiteElo "2252"]
[WhiteRD "71"]
[BlackElo "1998"]
[BlackRD "74"]
[GameID "391847"]

1. d4 Nf6 2. c4 e6 3. Nc3 Bb4 4. Bg5 h6 5. Bh4 c5 6. d5 Bxc3+ 7. bxc3 d6 8. e3 e5 9. Qc2 Qe7 10. Nf3 Nbd7
11. Nd2 g5 12. Bg3 Nh5 13. Bd3 Ndf6 14. O-O Bd7 15. e4 O-O 16. a4 Rfb8 17. Rfe1 Nxg3 18. fxg3 b6 19. Nf1 Qf8 20. Ne3 Ng4
21. Nxg4 Bxg4 22. Rf1 f6 23. Be2 Bxe2 24. Qxe2 Rb7 25. Rab1 Re8 26. Qg4 Rf7 27. Qf5 Qg7 28. a5 bxa5 29. Ra1 Qh7 30. Rxa5 Qxf5
31. Rxf5 Rb8 32. Rb5 Rxb5 33. cxb5 c4 34. Rf2 Kf8 35. g4 Ke8 36. Rb2 Kd7 37. Ra2 Ke8 38. Ra6 Rd7 39. Rc6 Ke7 40. Rxc4 Rb7
41. Rb4 Rb6 42. Kf2 a6 43. bxa6 Rxa6 44. Rb2 Ra4 45. Ke3 Ra1 46. Rb7+ Kf8 47. Rd7 Re1+ 48. Kd3 Rg1 49. Rxd6 Ke7 50. Re6+ Kf7
51. c4 Rxg2 52. c5 Rxh2 53. c6 Rh3+ 54. Kc4 Rh2 55. Kc5 Rc2+ 56. Kb6 Rb2+ 57. Kc7 h5 58. gxh5 g4 59. Kd7 g3 60. c7 Rc2
61. Re7+ Kf8 62. Re8+ Kg7 63. c8=Q Rxc8 64. Rxc8 g2 65. Rc1 f5 66. Ke6 fxe4 67. d6
1-0

[Event "November 1800 +"]
[Site "SchemingMind.com"]
[Date "2015.12.12"]
[Round "-"]
[White "Glenn O'Brien"]
[Black "Stephen Woodhouse"]
[Result "1-0"]
[WhiteCountry "AUS"]
[BlackCountry "ENG"]
[WhiteElo "1980"]
[WhiteRD "68"]
[BlackElo "1872"]
[BlackRD "49"]
[GameID "391848"]

1. e4 e6 2. d4 d5 3. Nc3 Nf6 4. Bg5 dxe4 5. Nxe4 Be7 6. Bxf6 Bxf6 7. Nf3 O-O 8. Qd2 Nd7 9. O-O-O b6 10. Bc4 Qe7
11. Rhe1 Rd8 12. Qf4 c5 13. d5 e5 14. Qg3 Kh8 15. d6 Qe8 16. Nfg5
1-0

[Event "November 1800 +"]
[Site "SchemingMind.com"]
[Date "2015.12.12"]
[Round "-"]
[White "Stephen Woodhouse"]
[Black "Glenn O'Brien"]
[Result "1-0"]
[WhiteCountry "ENG"]
[BlackCountry "AUS"]
[WhiteElo "1872"]
[WhiteRD "49"]
[BlackElo "1980"]
[BlackRD "68"]
[GameID "391849"]

1. e4 e5 2. Nf3 Nc6 3. d4 exd4 4. Nxd4 Bc5 5. Nxc6 Nf6 6. Nxd8 Kxd8 7. Bg5 Be7 8. e5 Ng8 9. Qg4 f6 10. exf6 Nxf6
11. Qh4 Re8 12. Be2
1-0

[Event "November 1800 +"]
[Site "SchemingMind.com"]
[Date "2015.12.12"]
[Round "-"]
[White "Glenn O'Brien"]
[Black "frankly"]
[Result "0-1"]
[WhiteCountry "AUS"]
[BlackCountry "ENG"]
[WhiteElo "1998"]
[WhiteRD "74"]
[BlackElo "2449"]
[BlackRD "55"]
[GameID "391850"]

1. e4 c5 2. Nf3 Nc6 3. d4 cxd4 4. Nxd4 Nf6 5. Nc3 e5 6. Ndb5 d6 7. Bg5 a6 8. Na3 b5 9. Nd5 Be7 10. Bxf6 Bxf6
11. c3 O-O 12. Nc2 Bg5 13. a4 bxa4 14. Rxa4 a5 15. Bc4 Bd7 16. O-O Nb4 17. Ra3 Nxd5 18. Bxd5 Rc8 19. Qd3 a4 20. Rfa1 Rb8
21. Nb4 Kh8 22. b3 axb3 23. Bxb3 f5 24. Qxd6 fxe4 25. Ra7 Bb5 26. Qxe5 Bh6 27. Qxe4 Qd2 28. Qc2 Rxf2 29. Qxd2 Rxd2 30. Ra8 Rdd8
31. Rxb8 Rxb8 32. c4 Be3+ 33. Kh1 Bd7 34. Nd5 Bd4 35. Rf1 g6 36. Ba2 Rb2 37. Bb1 Ba4 38. Nf4 Bc6 39. Rd1 Rf2 40. Nd5 Ba4
41. Rc1 Rd2 42. Nb4 Bb2 43. Rg1 Bb3 44. Nd3 Bd4 45. Rc1 Bxc4 46. Nb4 Bb2 47. Re1 Bc3 48. Nc2 Bb3 49. Ne3 Rb2 50. Rc1 Bd2
51. Rc8+ Kg7 52. Rc7+ Bf7 53. Nf5+ Kf6 54. Bc2 gxf5 55. Rc5 Be3 56. Rxf5+ Kg7 57. Bd3 Rd2 58. Bb5 Bg6 59. Rf3 Be4 60. h3 Bxf3
61. gxf3 Kg6
0-1

[Event "November 1800 +"]
[Site "SchemingMind.com"]
[Date "2015.12.12"]
[Round "-"]
[White "frankly"]
[Black "Glenn O'Brien"]
[Result "1-0"]
[WhiteCountry "ENG"]
[BlackCountry "AUS"]
[WhiteElo "2443"]
[WhiteRD "54"]
[BlackElo "2017"]
[BlackRD "69"]
[GameID "391851"]

1. d4 Nf6 2. Nf3 g6 3. c4 Bg7 4. Nc3 O-O 5. Bg5 d6 6. e3 Nbd7 7. Be2 c6 8. Qc2 a6 9. O-O b5 10. Rfd1 bxc4
11. Bxc4 c5 12. Ne5 dxe5 13. dxe5 Nh5 14. Nd5 Re8 15. g4 h6 16. e6 fxe6 17. Bxh6 Bxh6 18. Qxg6+ Ng7 19. Nc7 Ne5 20. Rxd8 Nxg6
21. Nxe8 Bb7 22. Rxa8 Bxa8 23. Nc7 Ne5 24. Be2 Bf3 25. Bxf3 Nxf3+ 26. Kg2 Ne5 27. g5 Bxg5 28. f4 Bxf4 29. exf4 Nd3 30. Nxa6 c4
31. a4 Nxf4+ 32. Kf3 Nd3 33. a5 Ne8 34. Nb8 Nc7 35. a6 Nxb2 36. a7 Na8 37. Rg1+ Kf7 38. h4 c3 39. Nc6 Nd3 40. Ke3 Nc5
41. h5 Nd7 42. h6 Nf8 43. Rg7+ Kf6 44. Rg8 Kf7 45. h7 Nxh7 46. Rxa8 Nf6 47. Ne5+ Kg7 48. Rg8+ Nxg8 49. a8=Q Kf6 50. Kf4 Kg7
51. Qe8 Nh6 52. Qg6+ Kh8 53. Qxh6+
1-0

[Event "November 1800 +"]
[Site "SchemingMind.com"]
[Date "2015.12.12"]
[Round "-"]
[White "Glenn O'Brien"]
[Black "Reun29"]
[Result "1-0"]
[WhiteCountry "AUS"]
[BlackCountry "SUI"]
[WhiteElo "2017"]
[WhiteRD "69"]
[BlackElo "1940"]
[BlackRD "71"]
[GameID "391852"]

1. e4 e5 2. Nf3 Nc6 3. Bb5 a6 4. Ba4 Nf6 5. O-O Be7 6. Re1 b5 7. Bb3 d6 8. c3 O-O 9. h3 Na5 10. Bc2 c5
11. d4 Qc7 12. Nbd2 cxd4 13. cxd4 Nc6 14. Nb3 a5 15. Be3 a4 16. Nbd2 Bd7 17. Rc1 Qb7 18. Qe2 Rfe8 19. Bd3 Rab8 20. dxe5 Nxe5
21. Nxe5 dxe5 22. Bc5 Bxc5 23. Rxc5 Rbc8 24. Rec1 Rxc5 25. Rxc5 Bc6 26. Bxb5 Bxb5 27. Qxb5 Qa8 28. Rxe5 Rb8 29. Qa5 Qxa5 30. Rxa5 g6
31. e5 Nd7 32. Ne4 Kg7 33. Rd5 Rb4 34. Nc3 Nb6 35. Rd2 Kf8 36. Kh2 Ke7 37. f4 Ke6 38. Rd6+ Ke7 39. Rxb6 Rxb6 40. Nd5+
1-0

[Event "November 1800 +"]
[Site "SchemingMind.com"]
[Date "2015.12.13"]
[Round "-"]
[White "Reun29"]
[Black "Glenn O'Brien"]
[Result "0-1"]
[WhiteCountry "SUI"]
[BlackCountry "AUS"]
[WhiteElo "1940"]
[WhiteRD "71"]
[BlackElo "2017"]
[BlackRD "69"]
[GameID "391853"]

1. e4 e5 2. Nf3 Nc6 3. Bc4 Nf6 4. d3 Bc5 5. c3 d6 6. O-O O-O 7. Bb3 a6 8. Nbd2 Ba7 9. h3 h6 10. Re1 Nh5
11. Nf1 Qf6 12. Be3 Bxe3 13. fxe3 Qg6 14. Kh2 Na5 15. Bc2 Nc6 16. Qd2 f5 17. exf5 Qxf5 18. Qf2 Be6 19. Ng3 Nxg3 20. Qxg3 Rf6
21. Re2 Raf8 22. Qh4 g5 23. Qg3 R8f7 24. Rf1 Bxa2 25. b4 Ne7 26. c4 Nc6 27. Qe1 e4 28. Nd2 Qe5+ 29. Kg1 Nxb4 30. d4 Rxf1+
31. Nxf1 Qf6 32. Bxe4 Bxc4 33. Rf2 Qxf2+ 34. Qxf2 Rxf2 35. Kxf2 Bxf1 36. Kxf1 a5 37. Ke2 a4 38. Kd2 a3 39. Kc3 a2 40. Kb2 b6
41. Bf5 d5 42. Bg4 c5 43. dxc5 bxc5 44. Bd1 c4
0-1

[Event "November 1800 +"]
[Site "SchemingMind.com"]
[Date "2015.12.12"]
[Round "-"]
[White "Glenn O'Brien"]
[Black "flyinduck"]
[Result "0-1"]
[WhiteCountry "AUS"]
[BlackCountry "CAN"]
[WhiteElo "2015"]
[WhiteRD "74"]
[BlackElo "2083"]
[BlackRD "52"]
[GameID "391854"]

1. e4 e5 2. Nf3 Nc6 3. Bb5 a6 4. Ba4 Nf6 5. O-O Be7 6. Re1 b5 7. Bb3 d6 8. c3 O-O 9. h3 Bb7 10. d4 Re8
11. Nbd2 h6 12. Nf1 Bf8 13. Ng3 g6 14. Bc2 Qd7 15. Qd3 exd4 16. cxd4 Nb4 17. Qd1 Nxc2 18. Qxc2 Re7 19. Bd2 Rae8 20. d5 c6
21. Bc3 Bg7 22. Bxf6 Bxf6 23. Qd2 cxd5 24. exd5 Rxe1+ 25. Rxe1 Rxe1+ 26. Nxe1 Bg7 27. Nf1 Qf5 28. Ne3 Qb1 29. b3 Qa1 30. Qe2 Qe5
31. Nf3 Qa1+ 32. Kh2 Qb2 33. Qxb2 Bxb2 34. Ne1 f5 35. Nd3 Bd4 36. Nc2 Bb6 37. Ncb4 Kf7 38. Nc6 Ke8 39. f3 Kd7 40. Nf4 g5
41. Ng6 Bd8 42. Nf8+ Ke8 43. Ne6 Bf6 44. Nc7+ Kd7 45. Nxa6 Bxa6 46. Nb8+ Kc7 47. Nxa6+ Kb6 48. Nb8 Be5+ 49. Kh1 Kc5 50. a4 bxa4
51. bxa4 Kxd5 52. a5 Kc5 53. g4 f4 54. a6 Kb6 55. Kg2 Ka7 56. Nc6+ Kxa6 57. Ne7 Bg7 58. Nf5 Bf8 59. Nd4 d5 60. Kf1 Bc5
61. Nf5 Kb5 62. Nxh6 Kc4 63. h4 gxh4 64. g5 d4 65. g6 Bf8 66. Nf5 h3 67. Nd6+ Kc3 68. Nb5+ Kc4 69. Nd6+ Kb3 70. Ne4 Kc2
71. Kg1 d3 72. Kh2 d2 73. Nxd2 Kxd2 74. Kxh3 Ke3 75. Kg4 Bg7 76. Kf5 Kxf3 77. Ke6 Ke4 78. Kf7 Bb2 79. g7 Bxg7
0-1

[Event "November 1800 +"]
[Site "SchemingMind.com"]
[Date "2015.12.12"]
[Round "-"]
[White "flyinduck"]
[Black "Glenn O'Brien"]
[Result "1-0"]
[WhiteCountry "CAN"]
[BlackCountry "AUS"]
[WhiteElo "2064"]
[WhiteRD "54"]
[BlackElo "1998"]
[BlackRD "74"]
[GameID "391855"]

1. d4 Nf6 2. c4 e6 3. Nc3 Bb4 4. e3 O-O 5. Ne2 d5 6. a3 Be7 7. cxd5 exd5 8. Nf4 c6 9. Bd3 Re8 10. O-O Nbd7
11. b4 Bd6 12. Nfe2 Nf8 13. f3 Qc7 14. f4 g5 15. Bd2 gxf4 16. Nxf4 Ng4 17. Qf3 Bxf4 18. exf4 Qb6 19. Ne2 f5 20. h3 Nf6
21. Be3 Ng6 22. Rae1 Qc7 23. Bd2 Ne4 24. Bc1 Qd8 25. Bxe4 fxe4 26. Qf2 Nh4 27. f5 Nxf5 28. Ng3 Rf8 29. Nxf5 Bxf5 30. Qg3+ Bg6
31. h4 Rxf1+ 32. Rxf1 Qb6 33. Be3 Rf8 34. h5 Rxf1+ 35. Kxf1 Qa6+ 36. Kg1 Qe2 37. hxg6 Qd1+ 38. Kh2 Qh5+ 39. Qh3 hxg6 40. Qxh5 gxh5
41. Kh3 Kf7 42. Kh4 Kg6 43. a4 b5 44. a5 a6 45. g3 Kf5 46. Kxh5 Kf6 47. g4 Kg7 48. g5 Kh7 49. g6+ Kg7 50. Kg5 Kg8
51. Kf6 Kf8 52. g7+ Kg8 53. Kg6 c5 54. bxc5 b4 55. c6 b3 56. c7 b2 57. c8=Q#
1-0